000 00856nam a2200181Ia 4500
008 100921s9999 xx 000 0 und d
082 _b21733
_a920-2 थ 87
100 _aखरात शंकरराव.संपा.
245 _aडॉ.बाबासाहेब आंबेडकर यांची आत्मकथा.
260 _bइंद्रायणी साहित्य,पुणे.
_c1987
300 _a384
_b---
365 _b70
520 _aचरित्र व इतर-डॉ.आंबेडकर.
630 _aडॉ.बाबासाहेब आंबेडकर यांची आत्मकथा.
650 _aचरित्र व इतर-डॉ.आंबेडकर.
730 _aडॉ.बाबासाहेब आंबेडकर यांची आत्मकथा.
942 _cBOOK
999 _c770846
_d770843